Nazwij poprawnie kolory - Statystyki

Ogólne statystyki
  • Ten quiz został rozwiązany 12 razy
  • Średni wynik to 2 z 10
Statystyki odpowiedzi
Hint Odpowiedź % Poprawnych
. cyjan
100%
. karmazynowy
38%
. popielaty
13%
. ceglasty
0%
. grynszpan
0%
. lapis-lazuli
0%
. patynowy
0%
. szafirowy
0%
. szafranowy
0%
. zieleń butelkowa
0%
Nie znaleziono quizów pasujących do podanych kryteriów
Rozkład punktacji
Procent ludzi z każdym wynikiem
Percentyl według liczby udzielonych odpowiedzi
Twoja historia wyników
Nie rozwiązałeś tego quizu